Cities by Picture - Statistics

General Stats
  • This quiz has been taken 44 times
  • The average score is 12 of 15
Answer Stats
Picture Answer % Correct
Paris
100%
Las Vegas
98%
London
98%
Rio de Janeiro
95%
San Francisco
93%
Sydney
93%
Moscow
90%
Tokyo
90%
Venice
90%
New York
88%
Washington D.C.
88%
Berlin
74%
St. Louis
50%
Seoul
40%
Cairo
36%
No matching quizzes found
Score Distribution
Percent of People with Each Score
Percentile by Number Answered
Your Score History
You have not taken this quiz